书目信息 |
| 题名: |
简明美国俚语词典
|
|
| 作者: | 杨志达 编译 | |
| 分册: | ||
| 出版信息: | 北京 商务印书馆 1986 |
|
| 页数: | 423页 | |
| 开本: | 19cm | |
| 丛书名: | ||
| 单 册: | ||
| 中图分类: | H313.3-61 | |
| 科图分类: | ||
| 主题词: | 英语--俚语--词典 | |
| 电子资源: | ||
| ISBN: | ||
| 000 | 00648nam0 2200229 45 | |
| 001 | 0186016114 | |
| 005 | 20060805110603.43 | |
| 010 | @b精装@dCNY2.80 | |
| 091 | @a9017.1490 | |
| 100 | @a19900809d1986 em y0chiy0121 ea | |
| 101 | 2 | @achi@aeng |
| 102 | @aCN@b110000 | |
| 105 | @ay e 000yy | |
| 200 | 10 | @a简明美国俚语词典@Ajian ming mei guo li yu ci dian@f杨志达编译@FYang Zhi Da Bian Yi |
| 210 | @a北京@c商务印书馆@d1986 | |
| 215 | @a423页@d19cm | |
| 606 | @a英语@x俚语@x词典 | |
| 690 | @aH313.3-61@v3 | |
| 701 | 0 | @a杨志达@4编译 |
| 801 | 2 | @aCN@bNLC@c20060805 |
| 801 | 0 | @aCN@b深圳图书馆@c20050419 |
| 905 | @f2@b201210-211@dH313.3-61@e110 | |
| 简明美国俚语词典/杨志达编译.-北京:商务印书馆,1986 |
| 423页;19cm |
| ISBN (精装):CNY2.80 |
| ● |
| 相关链接 |
|
|
|
|
正题名:简明美国俚语词典
索取号:H313.3-61/110
 
预约/预借
| 序号 | 登录号 | 条形码 | 馆藏地/架位号 | 状态 | 备注 |
| 1 | 0201210 | 001384647 | 工具书阅览室/ [索取号:H313.3-61/110] | 在馆 | |
| 2 | 0201211 | 001384594 | 密集书库/ [索取号:H313.3-61/110] | 在馆 | |
| 3 | 0201212 | 202443347 | 第二样本阅览室/ [索取号:H313.3-61/110] | 在馆 | |
| 4 | 0444800 | 204448008 | 密集书库/ [索取号:H313.3-61/110] | 在馆 |